00893nam a2200253 a 4500008004100000020003200041040002500073041001300098044001100111080001500122100002400137245009700161250001300258260006500271300002800336490002100364500004800385700002900433700003100462700002700493958000600520999001700526952009600543951121s1987||||[C 0 slo c c55 Kčs. q(30000 výtl.) aSNKbslocSNKeAACR21 asloheng axocSK a820 (73)-31 aMailer, Norman4aut10aKatova pieseň. 1cNorman Mailer ; Ján Vilikovský, Ján Vilikovský, Svetozár Mydlo a2., vyd. aBratislavabTatranc1987eBanská BystricafTlačiarne SNP a411 s., 27,98 AHc20 cm0 aKométavZv. 2. aCena za 1. a 2. diel. Ilustr. na tit. list.1 aVilikovský, Ján4trl1 aVilikovský, Ján4[ADC]1 aMydlo, Svetozár4bkd aA c12252d12252 001040708Ka10000b10000d2019-11-29g55.00i11546oB 5672r2019-11-29w2019-11-29yKLDO